| 000 | 00791nam a2200265 a 4500 | ||
|---|---|---|---|
| 001 | 70689 | ||
| 003 | BD-RjUL | ||
| 005 | 20211209082029.0 | ||
| 008 | 170419s1954 enka|||| b||| 001 0 eng d | ||
| 035 | _a(BD-RjUL)70903 | ||
| 040 |
_aAIPO _beng _cAIPO _dAMG _dBD-RjUL |
||
| 041 | _aeng | ||
| 082 | 0 | 4 |
_a664.2 _223 _bRAS 1954 |
| 100 | 1 |
_aRadley, J. A. _q(Jack Augustus) _9209229 |
|
| 245 | 1 | 0 |
_aStarch and its derivatives / _cby J. A. Radley. |
| 250 | _a3rd ed (revised) | ||
| 260 |
_aNewyork : _bJohn Wiley, _c1954. |
||
| 300 |
_aV. : _bill. ; _c22 cm. |
||
| 490 | 0 | _aA Series of monographs on applied chemistry. | |
| 500 | _aIncludes index. | ||
| 505 | _aVol. 1--V-2.-- | ||
| 650 | 0 |
_aStarch. _9204582 |
|
| 830 |
_aA Series of monographs on applied chemistry. _9235930 |
||
| 942 |
_2ddc _cBK |
||
| 999 |
_c70689 _d70689 |
||